Pobednyj smech : (opyt žanrovo-sravnitel'nogo analiza dramaturgii V.V. Majakovskogo) /

Hlavní autor: Mikulášek, Miroslav, 1930-
Jazyk: Ruština
Vydáno: Brno : Univerzita J.E. Purkyně, 1975
Vydání: 1. vyd.
Edice: Spisy Univerzity J.E. Purkyně v Brně. Filozofická fakulta ; č. 189
Témata:
Fyzický popis: 278 s.
Language note: České a anglické resumé
Knihy
Uloženo v:
LEADER 01266nam a22003012a 4500
001 000046607
003 CZ BrMZK
005 20210121145308.0
007 ta
008 030405s1975 xr f |||| 0 rus d
015 |a cnb000470794 
035 |a (OCoLC)42111803 
040 |a BOA001  |b cze 
041 0 |a rus  |b cze  |b eng 
100 1 |a Mikulášek, Miroslav,  |d 1930-  |7 jk01081627  |4 aut 
245 1 0 |a Pobednyj smech :  |b (opyt žanrovo-sravnitel'nogo analiza dramaturgii V.V. Majakovskogo) /  |c Miroslav Mikulášek 
250 |a 1. vyd. 
260 |a Brno :  |b Univerzita J.E. Purkyně,  |c 1975 
300 |a 278 s. 
490 1 |a Spisy Univerzity J.E. Purkyně v Brně. Filozofická fakulta ;  |v č. 189 
546 |a České a anglické resumé 
810 2 |a Univerzita J.E. Purkyně v Brně.  |b Filozofická fakulta.  |t Spisy  |0 s 
910 |a BOA001  |b PK-0114.673  |b 3-0742.900 
964 |a Majakovskij, Vladimir Vladimirovič - dílo dramatické - studie 
990 |a BK 
996 7 |b 2618701832  |c 3-0742.900  |l MZK  |r Sklad / do 1 hodiny  |n 0  |w 000046607  |u 000020  |a 1  |e BOA001  |j MZK50  |s A 
996 6 |b 2618701833  |c 3-0742.900  |l MZK  |r Sklad / do 1 hodiny  |n 0  |w 000046607  |u 000030  |a 1  |e BOA001  |j MZK50  |s P 
996 7 |b 3119982991  |c PK-0114.673  |l MZK  |r Sklad / do 1 hodiny  |n 3  |w 000046607  |u 000010  |a 1  |e BOA001  |j MZK50  |s A